=LDR 00000nam 2200000 4500 =001 INLIS000000000050925 =005 20200318065102 =035 ##$$a 0010-0817000108 =007 ta =008 200318################g##########0#ind## =020 ##$$a 978-979-769-393-0 =082 ##$$a 297.73 =084 ##$$a 297.73 DED p =100 #$$a Deden Makbuloh =245 1#$$a Pendidikan agama islam : $b Arah baru pengembangan ilmu dan keperibadian di perguruan tinggi /$c Dr. Deden Makbuloh, M. Ag. =250 ##$$a cet.2 =260 ##$$a Jakarta :$b Rajawali Pers,$c 2012 =300 ##$$a x, 272 hlm ; $c 21 x 14 cm. =650 #4$$a Pendidikan Islam =504 ##$$a Bibliografi : hlm. 265 =990 ##$$a 31701623